000 00632nac a22001931u 4500
010 _a95075190
020 _a156761597X (pbk.) :
082 0 0 _a005.71369
_bPIV
090 _c9268
_d9268
100 _aPivovarnick, John.
245 1 4 _aThe complete idiot's guide to America Online /
_cby John Pivovarnick.
260 _aIndianapolis, IN :
_bAlpha Books,1995.
_cc1995.
300 _axxiv, 328 p. :
_bill. ;
_c24 cm.
500 _aIncludes index.
500 _aDistributer: Al-Ahram
511 _aCatalogued by: Sara
650 0 _aAmerica Online (Online service)
942 _cBB
_k005.71369PIV
999 _c9268
_d9268